| 000 | 00844cam a22002774a 4500 | ||
|---|---|---|---|
| 003 | UPN | ||
| 005 | 20240912063831.0 | ||
| 008 | 090217s2006 mx a r 000 j spa d | ||
| 020 | _a9707707747 | ||
| 035 | _aUPN01000169415 | ||
| 040 |
_aUPN _bspa _cUPN |
||
| 049 | _aI | ||
| 050 | 4 |
_aPZ71 _bC345 |
|
| 100 | 1 |
_aCastro, Rodolfo, _d1965- _936714 |
|
| 245 | 1 | 3 |
_aEl flautista antes de Hamelin / _cRodolfo Castro ; ilustraciones Gabriel Pacheco. |
| 250 | _aPrimera edición | ||
| 260 |
_aMéxico : _bAlfaguara, _c2006. |
||
| 300 |
_a68 páginas : _bilustraciones |
||
| 490 | 0 | _aAlfaguara juvenil | |
| 650 | 4 |
_aCuentos infantiles argentinos _97466 |
|
| 650 | 4 |
_aLibros y lectura para niños _92290 |
|
| 700 | 1 |
_aPacheco, Gabriel, _d1973- _eilustrador _945735 |
|
| 905 | _aLibro | ||
| 942 |
_2lcc _cLIBRO |
||
| 999 |
_c141521 _d141521 |
||